Time and Date Spanish Vocabulary Words - Statistics

General Stats
  • This quiz has been taken 9,078 times
  • The average score is 29 of 39
Answer Stats
English Español % Correct
April abril
92%
July julio
92%
May mayo
92%
Monday lunes
91%
night noche
91%
Sunday domingo
90%
June junio
90%
Tuesday martes
90%
January enero
89%
morning mañana
89%
tomorrow mañana
89%
Saturday sábado
89%
March marzo
88%
Wednesday miércoles
87%
November noviembre
87%
September septiembre
87%
February febrero
86%
October octubre
84%
Thursday jueves
83%
Friday viernes
83%
August agosto
82%
now ahora
82%
afternoon tarde
80%
December diciembre
77%
today hoy
73%
Summer verano
70%
yesterday ayer
67%
this year este año
61%
Winter invierno
61%
Spring primavera
61%
weekend fin de semana
59%
this month este mes
55%
in an hour en una hora
54%
midnight medianoche
53%
Fall otoño
52%
last year el año pasado
47%
next year el año que viene
44%
noon mediodía
44%
an hour ago hace una hora
31%
No matching quizzes found
Score Distribution
Percent of People with Each Score
Percentile by Number Answered
Your Score History
You have not taken this quiz